[Event "Tradewise Gibraltar Master 2015"]
[Site "Gibraltar ENG"]
[Date "2015.02.04"]
[Round "9.99"]
[White "Christophe-Hayot, Romain"]
[Black "Amgalanbaatar, Ravdanlkhumbuu"]
[Result "0-1"]
[WhiteElo "1793"]
[BlackElo "2117"]
[PlyCount "64"]
[EventDate "2015.01.27"]
[EventType "swiss"]
[EventRounds "10"]
[EventCountry "ENG"]
[Source "lmi"]
[SourceDate "2015.01.27"]

1. Nf3 d6 2. d4 Nf6 3. g3 h6 4. Bg2 c6 5. O-O Bf5 6. c4 Nbd7 7. Nc3 e5 8. e3
Be7 9. b3 O-O 10. Bb2 Re8 11. Nd2 Bf8 12. h3 e4 13. Qc2 d5 14. Kh2 Rc8 15. c5
g5 16. Rh1 Bh7 17. Qd1 Bg7 18. b4 Qc7 19. Kg1 Nf8 20. Ne2 Ne6 21. Qc2 Nd7 22.
a4 f5 23. Qc1 f4 24. gxf4 gxf4 25. Nxf4 Nxf4 26. exf4 Rf8 27. Ra3 Rxf4 28. Rh2
Rxf2 29. Nf1 Rcf8 30. b5 Nxc5 31. Qxc5 Rxb2 32. h4 Rxf1+ 0-1

[Event "Tradewise Gibraltar Master 2015"]
[Site "Gibraltar ENG"]
[Date "2015.02.04"]
[Round "9.100"]
[White "Schaefer, Reyk"]
[Black "Odeh, Kenneth"]
[Result "1-0"]
[WhiteElo "2104"]
[BlackElo "1982"]
[PlyCount "73"]
[EventDate "2015.01.27"]
[EventType "swiss"]
[EventRounds "10"]
[EventCountry "ENG"]
[Source "lmi"]
[SourceDate "2015.01.27"]

1. d4 Nf6 2. c4 g6 3. Nc3 d5 4. cxd5 Nxd5 5. e4 Nxc3 6. bxc3 Bg7 7. Be3 c5 8.
Rc1 O-O 9. Qd2 Qa5 10. Nf3 Rd8 11. d5 e6 12. Bg5 f6 13. Be3 b6 14. Bd3 Ba6 15.
c4 Qxd2+ 16. Kxd2 f5 17. Bg5 Re8 18. dxe6 Nc6 19. exf5 gxf5 20. Bxf5 Na5 21.
Rhe1 Nxc4+ 22. Kc2 b5 23. e7 b4 24. Be6+ Kh8 25. Rcd1 Na3+ 26. Kc1 c4 27. Rd8
b3 28. axb3 cxb3 29. Bxb3 Rc8+ 30. Kd1 Bb5 31. Ne5 Rc3 32. Nf7+ Kg8 33. Nd6+
Rxb3 34. Nxb5 Nxb5 35. Rxe8+ Kf7 36. Rf8+ Bxf8 37. e8=Q+ 1-0

[Event "Tradewise Gibraltar Master 2015"]
[Site "Gibraltar ENG"]
[Date "2015.02.04"]
[Round "9.101"]
[White "Kandic, Milan"]
[Black "Ferreira, Oscar Luiz Vieira"]
[Result "0-1"]
[WhiteElo "2101"]
[BlackElo "1980"]
[PlyCount "80"]
[EventDate "2015.01.27"]
[EventType "swiss"]
[EventRounds "10"]
[EventCountry "ENG"]
[Source "lmi"]
[SourceDate "2015.01.27"]

1. e4 g6 2. d4 Bg7 3. Nc3 d6 4. Be3 a6 5. h4 h5 6. Qd2 Nd7 7. f4 Nh6 8. Nh3 Ng4
9. Bg1 b5 10. e5 Nb6 11. Nf2 dxe5 12. Nxg4 Bxg4 13. fxe5 Nc4 14. Bxc4 bxc4 15.
Nd1 c5 16. c3 cxd4 17. cxd4 Qc7 18. Be3 Rd8 19. Qf2 Qa5+ 20. Nc3 O-O 21. O-O
Rb8 22. Rac1 Bf5 23. Rfd1 f6 24. exf6 Rxf6 25. Bg5 Rf7 26. Bf4 Rbf8 27. Rd2 e6
28. g3 Rd8 29. Bg5 Rdd7 30. Qe3 Qc7 31. Bf4 Qa7 32. Be5 Bxe5 33. Qxe5 Bd3 34.
Kh2 Rfe7 35. Ne4 Rxd4 36. Rxc4 Rxc4 37. Rxd3 Qc7 38. Rd6 Rxe4 39. Qxe4 Qxd6 40.
Qxg6+ Kf8 0-1

[Event "Tradewise Gibraltar Master 2015"]
[Site "Gibraltar ENG"]
[Date "2015.02.04"]
[Round "9.102"]
[White "George, Lolomari Erekosima"]
[Black "De Rosa, Mariagrazia"]
[Result "1/2-1/2"]
[WhiteElo "1857"]
[BlackElo "2101"]
[PlyCount "85"]
[EventDate "2015.01.27"]
[EventType "swiss"]
[EventRounds "10"]
[EventCountry "ENG"]
[Source "lmi"]
[SourceDate "2015.01.27"]

1. Nf3 Nf6 2. c4 g6 3. b4 a5 4. b5 Bg7 5. Bb2 c6 6. a4 d5 7. cxd5 cxd5 8. g3
Nbd7 9. Bg2 Nb6 10. d3 O-O 11. O-O Bg4 12. Nbd2 Nfd7 13. Bxg7 Kxg7 14. Nb3 e5
15. Qd2 Qe7 16. Ne1 f6 17. Nc2 Nc5 18. Nxc5 Qxc5 19. Ne3 Be6 20. Rfc1 Qd6 21.
h4 f5 22. Nf1 f4 23. Nh2 Rf7 24. Nf3 h6 25. Qb2 d4 26. Nd2 fxg3 27. fxg3 Bd5
28. Be4 Qd7 29. Kg2 Bxe4+ 30. dxe4 Qg4 31. Nf3 Qxe4 32. Qc2 Qxc2 33. Rxc2 Nd5
34. Rc5 Ne3+ 35. Kh3 e4 36. Nxd4 Rf2 37. Ne6+ Kf6 38. Nf4 g5 39. Nd5+ Nxd5 40.
Rxd5 Rxe2 41. hxg5+ hxg5 42. Rf1+ Ke6 43. Rff5 1/2-1/2

[Event "Tradewise Gibraltar Master 2015"]
[Site "Gibraltar ENG"]
[Date "2015.02.04"]
[Round "9.103"]
[White "Freuler, Roman"]
[Black "Agbabishvili, Lali"]
[Result "1-0"]
[WhiteElo "2071"]
[BlackElo "1978"]
[PlyCount "153"]
[EventDate "2015.01.27"]
[EventType "swiss"]
[EventRounds "10"]
[EventCountry "ENG"]
[Source "lmi"]
[SourceDate "2015.01.27"]

1. e4 c5 2. Nf3 d6 3. d4 cxd4 4. Nxd4 Nf6 5. Nc3 a6 6. Be3 e5 7. Nb3 Be6 8. f3
Be7 9. Qd2 h5 10. Bg5 Nbd7 11. Be2 Rc8 12. O-O h4 13. Be3 Nb6 14. Rfd1 d5 15.
exd5 Nbxd5 16. Nxd5 Nxd5 17. Bf2 Qc7 18. c3 Nf4 19. Bf1 O-O 20. Be3 Nd5 21. Bf2
Nf4 22. Qe1 h3 23. g3 Nd5 24. Qe4 Nf6 25. Qe2 e4 26. Re1 exf3 27. Qxf3 Bg4 28.
Qe3 Rfe8 29. Qb6 Bf8 30. Qxc7 Rxc7 31. Rxe8 Nxe8 32. Re1 Nf6 33. Bd4 Nd7 34.
Nc1 Nc5 35. Nd3 Ne6 36. Be3 Bf5 37. Nf2 Bc5 38. Bxh3 Bxh3 39. Nxh3 Kf8 40. Kf2
Rd7 41. Ng1 Be7 42. Nf3 Rd5 43. Nd4 Nc5 44. Re2 Nd3+ 45. Kf3 Nc5 46. c4 Rd7 47.
Nf5 Ne6 48. Nxe7 Kxe7 49. Rd2 Rc7 50. b3 Rc8 51. Rd5 Ke8 52. h4 Ke7 53. Bb6 Rc6
54. Be3 Rc8 55. a4 Ke8 56. a5 Rc6 57. Bb6 Ke7 58. g4 f6 59. Ke4 Rc8 60. Kf5 Rc6
61. Be3 Ke8 62. h5 Nf8 63. Rc5 Kf7 64. Rxc6 bxc6 65. b4 Ne6 66. Bb6 Nf8 67. b5
cxb5 68. cxb5 axb5 69. a6 Nd7 70. Bd4 Nb8 71. a7 Nc6 72. Bc5 Nxa7 73. Bxa7 b4
74. Bd4 b3 75. Bb2 Kg8 76. Kg6 Kh8 77. h6 1-0

[Event "Tradewise Gibraltar Master 2015"]
[Site "Gibraltar ENG"]
[Date "2015.02.04"]
[Round "9.104"]
[White "Jameson, David"]
[Black "Lochte, Szilvia"]
[Result "1/2-1/2"]
[WhiteElo "2068"]
[BlackElo "1934"]
[PlyCount "59"]
[EventDate "2015.01.27"]
[EventType "swiss"]
[EventRounds "10"]
[EventCountry "ENG"]
[Source "lmi"]
[SourceDate "2015.01.27"]

1. d4 Nf6 2. c4 g6 3. Nc3 Bg7 4. e4 d6 5. Nf3 O-O 6. Be2 e5 7. O-O Nc6 8. dxe5
dxe5 9. Qxd8 Rxd8 10. Bg5 Nd4 11. Nxd4 Rxd4 12. Rfd1 c6 13. Be3 Rxd1+ 14. Rxd1
Be6 15. f3 Bf8 16. b3 Nd7 17. Na4 f6 18. Kf2 Be7 19. g3 b6 20. Rd2 Bb4 21. Rd1
Be7 22. Rc1 Kf7 23. Rc2 h5 24. Rd2 Bb4 25. Rd1 Be7 26. Bf1 Rd8 27. Nc3 Ke8 28.
Na4 Nb8 29. Rxd8+ Kxd8 30. Bd3 1/2-1/2

[Event "Tradewise Gibraltar Master 2015"]
[Site "Gibraltar ENG"]
[Date "2015.02.04"]
[Round "9.106"]
[White "Wiedersich, Jens"]
[Black "Machlik, Edit"]
[Result "0-1"]
[WhiteElo "2125"]
[BlackElo "1913"]
[PlyCount "164"]
[EventDate "2015.01.27"]
[EventType "swiss"]
[EventRounds "10"]
[EventCountry "ENG"]
[Source "lmi"]
[SourceDate "2015.01.27"]

1. d4 Nf6 2. c4 e6 3. g3 Bb4+ 4. Bd2 a5 5. Bg2 d6 6. Nc3 e5 7. a3 Bxc3 8. Bxc3
Qe7 9. e3 O-O 10. Ne2 c6 11. Qd2 Qc7 12. O-O Bf5 13. f4 exd4 14. Nxd4 Be4 15.
Nb3 Bxg2 16. Qxg2 Qb6 17. Nd4 Qc5 18. Rfe1 Qxc4 19. Rad1 d5 20. Nf5 Nbd7 21. g4
Rfd8 22. Qh3 Ne8 23. Qh4 Nf8 24. Nxg7 Nxg7 25. Qf6 Nfe6 26. Be5 Qe4 27. Rd2 Qg6
28. Qh4 Rf8 29. Rg2 f6 30. Bd6 Rf7 31. f5 Qg5 32. Qf2 Rd7 33. h4 Qh6 34. Bh2
Nxf5 35. Qxf5 Kf7 36. h5 Re7 37. Bd6 Ree8 38. Rf1 Kg7 39. g5 Nxg5 40. Bf4 Kh8
41. Bxg5 fxg5 42. Rxg5 Qxg5+ 43. Qxg5 Rg8 44. Qxg8+ Rxg8+ 45. Kh2 Rg5 46. Rf8+
Kg7 47. Ra8 Rxh5+ 48. Kg3 Re5 49. Kf4 Re4+ 50. Kf3 a4 51. Ra7 Re7 52. Rxa4 h5
53. Rh4 Kg6 54. Rh1 Re4 55. Rg1+ Kf6 56. Rg8 Re7 57. Rh8 Kg5 58. Rg8+ Kh4 59.
Rh8 Rf7+ 60. Kg2 Rg7+ 61. Kf3 Rf7+ 62. Kg2 Kg4 63. b3 Re7 64. Kf2 h4 65. Rg8+
Kh3 66. Rg6 Rf7+ 67. Ke2 Kh2 68. Rg8 h3 69. Rg6 Re7 70. Kf2 Re8 71. Rg7 Ra8 72.
a4 b5 73. Rg6 bxa4 74. bxa4 c5 75. Rg5 Rxa4 76. Rxd5 c4 77. Rc5 Ra2+ 78. Kf3
Rc2 79. e4 Kg1 80. Rg5+ Rg2 81. Ra5 Rf2+ 82. Kg3 h2 0-1

[Event "Tradewise Gibraltar Master 2015"]
[Site "Gibraltar ENG"]
[Date "2015.02.04"]
[Round "9.107"]
[White "Curado, Manuel Joao Ferro"]
[Black "Veltkamp, Gerben"]
[Result "0-1"]
[WhiteElo "1860"]
[BlackElo "2175"]
[PlyCount "64"]
[EventDate "2015.01.27"]
[EventType "swiss"]
[EventRounds "10"]
[EventCountry "ENG"]
[Source "lmi"]
[SourceDate "2015.01.27"]

1. e4 e5 2. Nf3 Nc6 3. Bc4 Nf6 4. d3 Be7 5. O-O O-O 6. c3 d6 7. h3 Na5 8. Nbd2
Kh8 9. b4 Nxc4 10. Nxc4 Ng8 11. d4 f5 12. exf5 e4 13. Nh2 Bxf5 14. Ne3 d5 15.
Qb3 Be6 16. Bd2 Nf6 17. Rae1 Bd6 18. Qd1 c6 19. Nhg4 Nh5 20. Ne5 Nf4 21. N3g4
Bxg4 22. Nxg4 Nd3 23. Re2 Qh4 24. Be3 Rf3 25. Rd2 Rf5 26. f3 Raf8 27. Bf2 Nxf2
28. Rdxf2 Bg3 29. Re2 exf3 30. gxf3 Qxh3 31. Rg2 Rh5 32. Nf2 Qh4 0-1

[Event "Tradewise Gibraltar Master 2015"]
[Site "Gibraltar ENG"]
[Date "2015.02.04"]
[Round "9.108"]
[White "Holleland, Sigve"]
[Black "Nilsen, Martin"]
[Result "1/2-1/2"]
[WhiteElo "2116"]
[BlackElo "2011"]
[PlyCount "73"]
[EventDate "2015.01.27"]
[EventType "swiss"]
[EventRounds "10"]
[EventCountry "ENG"]
[Source "lmi"]
[SourceDate "2015.01.27"]

1. c4 e6 2. g3 f5 3. Bg2 Nf6 4. Nf3 Be7 5. d3 O-O 6. Nc3 Nc6 7. O-O b6 8. d4
Bb4 9. d5 Bxc3 10. dxc6 Bb4 11. cxd7 Bb7 12. Qb3 Qe7 13. Rd1 Bd6 14. Nd4 Bxg2
15. Kxg2 Nxd7 16. Nb5 Nc5 17. Qe3 Rad8 18. Nxd6 Rxd6 19. Rxd6 Qxd6 20. b4 Ne4
21. f3 Nf6 22. b5 Rd8 23. Rb1 Kf7 24. Rb3 Qd1 25. Rd3 Rxd3 26. exd3 Nd7 27. Qd2
Qxd2+ 28. Bxd2 Ne5 29. Bf4 Nxd3 30. Bxc7 Nb2 31. c5 Nc4 32. c6 Ke7 33. Bb8 Kd8
34. a4 e5 35. f4 e4 36. Be5 g6 37. Kf2 1/2-1/2

[Event "Tradewise Gibraltar Master 2015"]
[Site "Gibraltar ENG"]
[Date "2015.02.04"]
[Round "9.109"]
[White "Cawley, Paul F"]
[Black "Gravett, Alan D"]
[Result "1-0"]
[WhiteElo "2070"]
[BlackElo "1877"]
[PlyCount "33"]
[EventDate "2015.01.27"]
[EventType "swiss"]
[EventRounds "10"]
[EventCountry "ENG"]
[Source "lmi"]
[SourceDate "2015.01.27"]

1. d4 Nf6 2. Bf4 d6 3. e3 g6 4. c4 Bg7 5. Nc3 Nbd7 6. Nf3 O-O 7. h3 c6 8. Be2
Re8 9. O-O a5 10. Rc1 e5 11. dxe5 Nxe5 12. Nxe5 dxe5 13. Qxd8 Rxd8 14. Bxe5 Rd2
15. Rfd1 Rxb2 16. Rd8+ Bf8 17. Bxf6 1-0

[Event "Tradewise Gibraltar Master 2015"]
[Site "Gibraltar ENG"]
[Date "2015.02.04"]
[Round "9.110"]
[White "Opasiak, Dustin Tennessee"]
[Black "Skutta, Bernd"]
[Result "0-1"]
[WhiteElo "1729"]
[BlackElo "2059"]
[PlyCount "52"]
[EventDate "2015.01.27"]
[EventType "swiss"]
[EventRounds "10"]
[EventCountry "ENG"]
[Source "lmi"]
[SourceDate "2015.01.27"]

1. e4 d6 2. Nf3 Nf6 3. d3 e5 4. g3 Be7 5. Bg2 h6 6. O-O Be6 7. Ne1 g5 8. Nc3 c6
9. Be3 Ng4 10. d4 Nxe3 11. fxe3 Qd7 12. Qf3 Rh7 13. d5 Bg4 14. Qf2 c5 15. a4
Na6 16. Nb5 h5 17. Bf3 Bh3 18. Ng2 O-O-O 19. Qd2 Kb8 20. Be2 h4 21. Rf2 hxg3
22. hxg3 Rdh8 23. Raf1 f6 24. c3 Bg4 25. Rxf6 Rh1+ 26. Kf2 Rxf1+ 0-1

[Event "Tradewise Gibraltar Master 2015"]
[Site "Gibraltar ENG"]
[Date "2015.02.04"]
[Round "9.111"]
[White "Gieritz, Dietmar"]
[Black "Othman, Mustapha"]
[Result "1/2-1/2"]
[WhiteElo "2048"]
[BlackElo "1968"]
[PlyCount "151"]
[EventDate "2015.01.27"]
[EventType "swiss"]
[EventRounds "10"]
[EventCountry "ENG"]
[Source "lmi"]
[SourceDate "2015.01.27"]

1. Nf3 b6 2. e4 Bb7 3. Nc3 e6 4. d4 Bb4 5. Bd3 Nf6 6. Bg5 h6 7. Bh4 g5 8. Nxg5
Nxe4 9. Bxe4 Bxe4 10. Nf3 Bxf3 11. Qxf3 Qxh4 12. Qxa8 O-O 13. Qf3 Qxd4 14. O-O
f5 15. Rad1 Qf6 16. Rd3 d5 17. Qh5 f4 18. Re1 Bxc3 19. Rxc3 c5 20. Rh3 Kh7 21.
Qe5 Qxe5 22. Rxe5 Rf6 23. g4 Nc6 24. Reh5 Rg6 25. Kf1 Kg7 26. g5 hxg5 27. Rh7+
Kf6 28. Rc7 g4 29. Rh5 Nd4 30. Rxa7 Nxc2 31. Rb7 f3 32. Rxb6 c4 33. Rxd5 Rh6
34. Kg1 Ne1 35. Rd4 Kf5 36. Rxc4 Nd3 37. Rb8 Nxf2 38. Kxf2 Rxh2+ 39. Ke3 Re2+
40. Kd3 Rg2 41. a4 f2 42. Ke2 g3 43. Rf8+ Ke5 44. Rc1 Rg1 45. Rf1 g2 46. R8xf2
gxf1=Q+ 47. Rxf1 Rg2+ 48. Kd3 Rxb2 49. Kc4 Kd6 50. a5 Rc2+ 51. Kb5 Rb2+ 52. Ka6
e5 53. Rd1+ Kc5 54. Ka7 e4 55. a6 e3 56. Rd8 e2 57. Rc8+ Kd6 58. Re8 Kd7 59.
Re3 Rc2 60. Kb7 Rc7+ 61. Kb8 Rc8+ 62. Kb7 Rc7+ 63. Kb8 Rc8+ 64. Kb7 Re8 65.
Rxe2 Rxe2 66. a7 Rb2+ 67. Ka8 Ra2 68. Kb7 Rb2+ 69. Ka8 Rc2 70. Kb7 Rc7+ 71. Kb6
Rc6+ 72. Kb7 Rc1 73. a8=Q Rb1+ 74. Ka6 Ra1+ 75. Kb7 Rb1+ 76. Ka6 1/2-1/2

[Event "Tradewise Gibraltar Master 2015"]
[Site "Gibraltar ENG"]
[Date "2015.02.04"]
[Round "9.112"]
[White "Byrn, Carsten"]
[Black "Mahoney, Ian"]
[Result "1/2-1/2"]
[WhiteElo "2044"]
[BlackElo "1838"]
[PlyCount "106"]
[EventDate "2015.01.27"]
[EventType "swiss"]
[EventRounds "10"]
[EventCountry "ENG"]
[Source "lmi"]
[SourceDate "2015.01.27"]

1. d4 Nf6 2. c4 e6 3. Nc3 Bb4 4. f3 d5 5. a3 Bxc3+ 6. bxc3 O-O 7. cxd5 exd5 8.
e3 b6 9. Ra2 c5 10. Bd3 Ba6 11. Bb1 Nh5 12. Qc2 g6 13. Qf2 Qc7 14. g4 Nf6 15.
Qg3 Qc6 16. Ne2 Bxe2 17. Kxe2 Qb5+ 18. Bd3 Qb3 19. Rb2 Qxc3 20. Rc2 Qa5 21.
dxc5 bxc5 22. Bd2 Qxa3 23. Rc3 Qa2 24. Rxc5 Nbd7 25. Rc2 Qb3 26. Rhc1 d4 27. e4
Nb6 28. Qd6 Nfd5 29. exd5 Rfe8+ 30. Kf2 Qxd3 31. Bh6 g5 32. Bxg5 Qg6 33. Qxg6+
hxg6 34. d6 Nd7 35. Rd2 f6 36. Bf4 g5 37. Bg3 Ne5 38. Rxd4 Kf7 39. d7 Red8 40.
Bxe5 fxe5 41. Rd5 a5 42. Rxe5 Rxd7 43. Rxg5 Rd2+ 44. Kg3 a4 45. Rcc5 a3 46. Ra5
Rdd8 47. Rgf5+ Kg6 48. Rg5+ Kf6 49. Rgf5+ Kg6 50. Rg5+ Kf6 51. Raf5+ Ke6 52.
Re5+ Kf6 53. Rgf5+ Kg6 1/2-1/2

[Event "Tradewise Gibraltar Master 2015"]
[Site "Gibraltar ENG"]
[Date "2015.02.04"]
[Round "9.113"]
[White "Kuhne, Detlev"]
[Black "Gonzalez Espana, Maria Gabriel"]
[Result "1-0"]
[WhiteElo "2131"]
[BlackElo "1917"]
[PlyCount "131"]
[EventDate "2015.01.27"]
[EventType "swiss"]
[EventRounds "10"]
[EventCountry "ENG"]
[Source "lmi"]
[SourceDate "2015.01.27"]

1. Nf3 c5 2. g3 Nc6 3. d4 cxd4 4. Nxd4 g6 5. Bg2 Bg7 6. Nxc6 bxc6 7. O-O Nf6 8.
c4 O-O 9. Nc3 Rb8 10. Qc2 Qc7 11. e4 d6 12. b3 Nd7 13. Be3 Nc5 14. Rad1 a5 15.
Bxc5 dxc5 16. Na4 Bd4 17. Qe2 Be6 18. Kh1 f6 19. f4 Bf7 20. Qg4 e5 21. fxe5 h5
22. Qf3 Qxe5 23. Qf4 Kg7 24. Qxe5 fxe5 25. Bh3 Rb4 26. Bd7 Bxc4 27. Rxf8 Kxf8
28. bxc4 Rxa4 29. Rd2 Rxc4 30. Bxc6 Rc1+ 31. Kg2 g5 32. h3 c4 33. Ba4 Re1 34.
Bc6 c3 35. Rc2 Ke7 36. Bd5 Kd6 37. h4 g4 38. Bf7 Rd1 39. Bxh5 Rg1+ 40. Kh2 Re1
41. Bxg4 Rxe4 42. Be2 Bf2 43. h5 Ke7 44. h6 Kf6 45. Bf3 Bxg3+ 46. Kxg3 Rc4 47.
Be2 Re4 48. Bf3 Rc4 49. Bd5 Rc5 50. Be4 Rc8 51. h7 Kg7 52. Kf3 Kh8 53. Ke3 Rc4
54. Rg2 Rc8 55. Kd3 a4 56. Rc2 a3 57. Rxc3 Rc7 58. Rb3 Rc8 59. Ke3 Rd8 60. Rxa3
Rb8 61. Ra8 Rxa8 62. Bxa8 Kxh7 63. Ke4 Kg7 64. Kxe5 Kf7 65. Kd6 Kf6 66. Bc6 1-0

[Event "Tradewise Gibraltar Master 2015"]
[Site "Gibraltar ENG"]
[Date "2015.02.04"]
[Round "9.114"]
[White "Bohman, Leif"]
[Black "Moradi, Kimia"]
[Result "1-0"]
[WhiteElo "1803"]
[BlackElo "1984"]
[PlyCount "71"]
[EventDate "2015.01.27"]
[EventType "swiss"]
[EventRounds "10"]
[EventCountry "ENG"]
[Source "lmi"]
[SourceDate "2015.01.27"]

1. d4 d5 2. Nf3 Nf6 3. Bf4 c5 4. c3 Nc6 5. e3 Qb6 6. Qb3 c4 7. Qc2 Bf5 8. Qc1
Nh5 9. Bg3 Nxg3 10. hxg3 h6 11. Nbd2 e6 12. e4 Bh7 13. e5 Be7 14. Be2 Rc8 15.
O-O O-O 16. a4 a6 17. Re1 Rb8 18. Bd1 Rfc8 19. Bc2 Bxc2 20. Qxc2 Qc7 21. Nh2 a5
22. Nhf1 b5 23. axb5 Rxb5 24. Ne3 Qb6 25. Nd1 Rb8 26. Kh2 Nxd4 27. cxd4 Qxd4
28. Nf3 Qb6 29. Ra2 Bb4 30. Re2 Qc5 31. Nc3 R5b7 32. Qd1 Qa7 33. Nd4 Bc5 34.
Nc6 Qa6 35. Nxb8 Rxb8 36. Nxd5 1-0

[Event "Tradewise Gibraltar Master 2015"]
[Site "Gibraltar ENG"]
[Date "2015.02.04"]
[Round "9.115"]
[White "Klyszcz, Michael"]
[Black "Greibrokk, Ingrid Andrea"]
[Result "1-0"]
[WhiteElo "1975"]
[BlackElo "1758"]
[PlyCount "99"]
[EventDate "2015.01.27"]
[EventType "swiss"]
[EventRounds "10"]
[EventCountry "ENG"]
[Source "lmi"]
[SourceDate "2015.01.27"]

1. Nf3 Nf6 2. g3 g6 3. Bg2 Bg7 4. O-O O-O 5. d4 d5 6. c4 c6 7. Nc3 dxc4 8. Ne5
Ne8 9. Be3 Nd6 10. a4 Be6 11. f4 Nd7 12. Bf2 Nxe5 13. fxe5 Ne8 14. e4 f6 15.
Qe2 fxe5 16. d5 cxd5 17. exd5 Bf5 18. Qxc4 Nd6 19. Qe2 Qd7 20. Ne4 Nxe4 21.
Bxe4 Bg4 22. Qd3 Rf6 23. a5 a6 24. Bc5 Raf8 25. Rxf6 Rxf6 26. Rc1 Bh6 27. Re1
Bf5 28. Bb4 Rf8 29. d6 exd6 30. Qxd6 Qxd6 31. Bxd6 Rf6 32. Bxe5 Bxe4 33. Bxf6
Bc6 34. Re7 Bf8 35. Rc7 Bd5 36. Kf1 Be4 37. Ke2 Bg2 38. Kd3 Bf3 39. Kd4 Bg2 40.
Ke5 Bf3 41. Kd4 Bg2 42. Ke3 Bd5 43. Be5 Bg2 44. g4 Bd5 45. Kf4 Bg2 46. Kg5 Be4
47. Kf6 Bf3 48. Rc8 Bxg4 49. Rb8 Bf3 50. Bd6 1-0

[Event "Tradewise Gibraltar Master 2015"]
[Site "Gibraltar ENG"]
[Date "2015.02.04"]
[Round "9.116"]
[White "Spanton, Tim R"]
[Black "Kuenitz, Klaus"]
[Result "1-0"]
[WhiteElo "1963"]
[BlackElo "1680"]
[PlyCount "21"]
[EventDate "2015.01.27"]
[EventType "swiss"]
[EventRounds "10"]
[EventCountry "ENG"]
[Source "lmi"]
[SourceDate "2015.01.27"]

1. d4 d5 2. Nc3 Nc6 3. e4 dxe4 4. d5 Ne5 5. Bf4 Ng6 6. Bg3 f5 7. Nb5 e5 8. dxe6
Bb4+ 9. c3 Ba5 10. Qxd8+ Kxd8 11. O-O-O+ 1-0

[Event "Tradewise Gibraltar Master 2015"]
[Site "Gibraltar ENG"]
[Date "2015.02.04"]
[Round "9.117"]
[White "Sajjadi, Kimiya"]
[Black "Godinho Marques, Pedro"]
[Result "1/2-1/2"]
[WhiteElo "1634"]
[BlackElo "1950"]
[PlyCount "48"]
[EventDate "2015.01.27"]
[EventType "swiss"]
[EventRounds "10"]
[EventCountry "ENG"]
[Source "lmi"]
[SourceDate "2015.01.27"]

1. d4 d5 2. c4 e6 3. Nc3 c5 4. cxd5 exd5 5. g3 Nc6 6. Nf3 Nf6 7. Bg2 Be7 8. O-O
O-O 9. dxc5 d4 10. Na4 Bf5 11. Ne1 Ne4 12. Nd3 Qa5 13. a3 b5 14. cxb6 axb6 15.
Bxe4 Bxe4 16. b3 Bxd3 17. Qxd3 b5 18. Nb2 Bxa3 19. Nd1 b4 20. Nb2 Qh5 21. Qd1
Qa5 22. Qd3 Qh5 23. Qd1 Qa5 24. Qd3 Qh5 1/2-1/2

[Event "Tradewise Gibraltar Master 2015"]
[Site "Gibraltar ENG"]
[Date "2015.02.04"]
[Round "9.118"]
[White "Kristinsson, Magnus"]
[Black "Tortolero, Cesar"]
[Result "1-0"]
[WhiteElo "1744"]
[BlackElo "1937"]
[PlyCount "81"]
[EventDate "2015.01.27"]
[EventType "swiss"]
[EventRounds "10"]
[EventCountry "ENG"]
[Source "lmi"]
[SourceDate "2015.01.27"]

1. e4 c5 2. Nf3 d6 3. d4 cxd4 4. Nxd4 Nf6 5. Nc3 a6 6. Bg5 e6 7. f4 Nbd7 8. Qf3
Qc7 9. O-O-O Be7 10. g4 b5 11. Bxf6 gxf6 12. h4 Nc5 13. Bg2 Bb7 14. Qe3 O-O-O
15. Rhe1 Kb8 16. Bf3 b4 17. Nce2 Rc8 18. Kb1 Qb6 19. Rc1 a5 20. c3 Ba6 21. Red1
b3 22. Nxb3 Ka7 23. Nxc5 Rxc5 24. Nd4 Rb8 25. Rd2 a4 26. Rcc2 Rbc8 27. h5 R5c7
28. Be2 Bxe2 29. Qxe2 Rc5 30. Qe3 Ka8 31. Ne2 e5 32. Nc1 exf4 33. Qf2 Qb5 34.
Ne2 d5 35. Qxf4 Rd8 36. Rd4 Rc4 37. exd5 Rxd4 38. Nxd4 Qxd5 39. Qc7 Bf8 40. Nc6
Qd7 41. Qxd8+ 1-0

[Event "Tradewise Gibraltar Master 2015"]
[Site "Gibraltar ENG"]
[Date "2015.02.04"]
[Round "9.119"]
[White "Aure, Anders Nilsson"]
[Black "Downey, Keith"]
[Result "1/2-1/2"]
[WhiteElo "1688"]
[BlackElo "1919"]
[PlyCount "69"]
[EventDate "2015.01.27"]
[EventType "swiss"]
[EventRounds "10"]
[EventCountry "ENG"]
[Source "lmi"]
[SourceDate "2015.01.27"]

1. c4 c5 2. Nc3 Nc6 3. g3 g6 4. Bg2 Bg7 5. Nf3 e6 6. O-O Nge7 7. d3 d6 8. Bd2
O-O 9. a3 Rb8 10. Rb1 a6 11. b4 cxb4 12. axb4 b5 13. cxb5 axb5 14. Qb3 Qd7 15.
Rfc1 h6 16. Ra1 Kh7 17. Ra2 f5 18. h4 d5 19. e3 e5 20. Rac2 e4 21. Ne1 d4 22.
Nd1 Bb7 23. dxe4 dxe3 24. Bxe3 Nd4 25. Bxd4 Qxd4 26. exf5 Nxf5 27. Bxb7 Rxb7
28. Nf3 Qe4 29. Rc8 Rb8 30. Rxb8 Rxb8 31. Nh2 Nd4 32. Qb1 Qe1+ 33. Kg2 Rf8 34.
h5 Qe6 35. Qxg6+ 1/2-1/2

[Event "Tradewise Gibraltar Master 2015"]
[Site "Gibraltar ENG"]
[Date "2015.02.04"]
[Round "9.120"]
[White "Beadle, John R"]
[Black "Homer, Neil S"]
[Result "1/2-1/2"]
[WhiteElo "1694"]
[BlackElo "1716"]
[PlyCount "60"]
[EventDate "2015.01.27"]
[EventType "swiss"]
[EventRounds "10"]
[EventCountry "ENG"]
[Source "lmi"]
[SourceDate "2015.01.27"]

1. e4 c6 2. d4 d5 3. exd5 cxd5 4. Nf3 Nc6 5. Be3 Nf6 6. h3 Bf5 7. c3 e6 8. Bd3
Bg6 9. O-O Bd6 10. Re1 Bxd3 11. Qxd3 O-O 12. Nbd2 Rc8 13. Bg5 h6 14. Bh4 Be7
15. Bg3 Bd6 16. Nh2 Bxg3 17. Qxg3 Qc7 18. Re3 Ne7 19. Qxc7 Rxc7 20. Nhf3 Nf5
21. Re2 Rfc8 22. Ne5 Nd6 23. Rae1 Nf5 24. Ndf3 Nd6 25. Nd2 Nf5 26. Kh1 Nd6 27.
Kg1 Nf5 28. Ndf3 Nd6 29. Kh2 Nde4 30. Nd2 Nxd2 1/2-1/2

[Event "Tradewise Gibraltar Master 2015"]
[Site "Gibraltar ENG"]
[Date "2015.02.04"]
[Round "9.121"]
[White "Gouait, Raymond"]
[Black "Bauer, Dieter"]
[Result "0-1"]
[WhiteElo "1595"]
[BlackElo "1728"]
[PlyCount "62"]
[EventDate "2015.01.27"]
[EventType "swiss"]
[EventRounds "10"]
[EventCountry "ENG"]
[Source "lmi"]
[SourceDate "2015.01.27"]

1. d4 d6 2. Nf3 Nf6 3. g3 g6 4. Bg2 Bg7 5. c4 O-O 6. Nc3 Nc6 7. O-O Rb8 8. a3
Na5 9. b3 c5 10. e3 a6 11. Nd2 Ne8 12. Ne2 b5 13. b4 Nxc4 14. Nxc4 bxc4 15. Rb1
cxb4 16. axb4 Nf6 17. Ba3 Bf5 18. Rc1 Bd3 19. Re1 Bxe2 20. Qxe2 d5 21. Red1 Re8
22. e4 e6 23. e5 Nd7 24. Rc3 Bf8 25. Rb1 Qb6 26. Qd2 Rb7 27. h4 Nb8 28. h5 Nc6
29. b5 Qxd4 30. Qxd4 Nxd4 31. hxg6 Ne2+ 0-1

[Event "Tradewise Gibraltar Master 2015"]
[Site "Gibraltar ENG"]
[Date "2015.02.04"]
[Round "9.122"]
[White "Magnusdottir, Veronika Steinun"]
[Black "Bouxo, Luis Antonio Maximi"]
[Result "1-0"]
[WhiteElo "1566"]
[BlackElo "1711"]
[PlyCount "49"]
[EventDate "2015.01.27"]
[EventType "swiss"]
[EventRounds "10"]
[EventCountry "ENG"]
[Source "lmi"]
[SourceDate "2015.01.27"]

1. e4 c5 2. Nf3 Nc6 3. d4 cxd4 4. Nxd4 Nf6 5. Nc3 e6 6. Ndb5 d6 7. Bf4 e5 8.
Bg5 a6 9. Na3 Be7 10. Bxf6 Bxf6 11. Nc4 Nd4 12. Nd5 Be6 13. Nxf6+ gxf6 14. c3
Nb5 15. Qa4 Ke7 16. O-O-O Qc7 17. Ne3 Na7 18. Be2 Rhd8 19. f4 Qc5 20. Nd5+ Bxd5
21. exd5 Nc8 22. Qe4 Rh8 23. Rhf1 Kf8 24. fxe5 dxe5 25. Rxf6 1-0